Corsica Quiz - Statistics

General Stats
  • This quiz has been taken 146 times
  • The average score is 9 of 12
Answer Stats
Hint Answer % Correct
Capital city Ajaccio
97%
Official language French
97%
French leader who was born in the island's capital just 3 months after the above event Napoleon Bonaparte
90%
Official language before 1858 Italian
88%
Second biggest city Bastia
81%
Regional language closely related to the above Corsican
81%
City-state that controlled the island until 1755 Genoa
71%
Corsica has the ____ population, surface area and population density of all metropolitan (European) French regions. Lowest
69%
Famous southern town sitting on the edge of a cliff facing Sardinia Bonifacio
66%
General who led the republic of Corsica Pasquale Paoli
54%
The above built over one hundred of these all around the island to defend it Genoese Towers
53%
Year the island was annexed by France 1769
40%
No matching quizzes found
Score Distribution
Percent of People with Each Score
Percentile by Number Answered
Your Score History
You have not taken this quiz